If opposition is an art, is Ed Miliband an artist? a framework for evaluating leaders for the opposition (Record no. 108145)

000 -LEADER
fixed length control field 00447pab a2200157 454500
008 - FIXED-LENGTH DATA ELEMENTS--GENERAL INFORMATION
fixed length control field 180718b2015 xxu||||| |||| 00| 0 eng d
100 ## - MAIN ENTRY--PERSONAL NAME
Personal name Bale, Tim
245 ## - TITLE STATEMENT
Title If opposition is an art, is Ed Miliband an artist? a framework for evaluating leaders for the opposition
260 ## - PUBLICATION, DISTRIBUTION, ETC.
Date of publication, distribution, etc. 2015
300 ## - PHYSICAL DESCRIPTION
Extent p.58-76.
362 ## - DATES OF PUBLICATION AND/OR SEQUENTIAL DESIGNATION
Dates of publication and/or sequential designation Jan
650 ## - SUBJECT ADDED ENTRY--TOPICAL TERM
Topical term or geographic name entry element Leadership
650 ## - SUBJECT ADDED ENTRY--TOPICAL TERM
Topical term or geographic name entry element Political leadership
773 ## - HOST ITEM ENTRY
Main entry heading Parliamentary Affairs
909 ## -
-- 108150
Holdings
Withdrawn status Lost status Damaged status Not for loan Permanent Location Current Location Date acquired Serial Enumeration / chronology Barcode Date last seen Price effective from Koha item type
        Indian Institute of Public Administration Indian Institute of Public Administration 2018-07-19 Volume no: 68, Issue no: 1 AR108610 2018-07-19 2018-07-19 Articles

Powered by Koha